000 00223nam a2200097Ia 4500
008 170619s9999 xx 000 0 und d
100 _aSingh V P
245 0 _aKinematics of Machines
260 _bDhanpat Rai Pub.
260 _c2003
546 _aENGLISH
999 _c16969
_d16969